000 00610nam a22002057a 4500
003 OSt
005 20191029062623.0
008 180313b xxu||||| |||| 00| 0 spa d
020 _a9505200978
040 _cPJ
100 _aBorda, Guillermo A.
_94
245 1 0 _aTratado de derecho civil :
_bcontratos /
_cGuillermo A. Borda.
250 _a6a. ed. act.
260 _aBuenos Aires :
_bPerrot,
_c1990.
300 _a2 v.
_c23 cm.
500 _aNotas y citas bibliográficas a pie de página.
650 0 _aDERECHO CIVIL
_9352
650 0 _aCONTRATOS CIVILES
_91589
942 _2udc
_cLIB
_h347(035)
_iBOR
999 _c1708
_d1708